=LDR 00000nam 2200000 4500 =001 INLIS000000000042486 =005 20131008015259 =008 ***********************************ind** =035 ##$$0010-101300000000408 =041 ##$$a ind =082 ##$$a 616.71 =090 ##$$a 616.71, Agie m =100 ##$$a Agus Dwi Sasongko =245 ##$$a Menjaga kesehatan tulang, Agus sasongko; Editor, khore arianti =260 ##$$a 2007 $b Jakarta =300 ##$$a Iv,52 hlm, Ilus, 21 cm =650 ##$$a TULANG, PENYAKIT =850 ##$$a NBPNMAT